| 000 | 01097nam a22003737a 4500 | ||
|---|---|---|---|
| 001 | 000075271 | ||
| 003 | CHAP | ||
| 005 | 20220329141713.0 | ||
| 008 | 971013s1975 r 00010 d | ||
| 010 | _a72506 | ||
| 011 | _a73478 | ||
| 035 | _a83035 | ||
| 040 | _cCHAP | ||
| 082 |
_a636.089 _bA5 1973 |
||
| 100 | 0 | 0 |
_aAinsworth, Geoffrey Clough. _93133 |
| 245 | 0 | _aMicosis de los animales. | |
| 250 | _a2 ed. | ||
| 260 |
_aLeón, España : _bAcademia, _c1975. |
||
| 300 | _a270 p. | ||
| 500 | _aTrad. de la 2 ed. en inglés de 1973 | ||
| 590 |
_aBATCH-UPD _b10 _c20130110 _lUCH01 _h0435 |
||
| 590 |
_aBATCH-UPD _b10 _c20130410 _lUCH01 _h0110 |
||
| 590 |
_aBATCH-UPD _b10 _c20130913 _lUCH01 _h2322 |
||
| 590 |
_aCONVERSION _b10 _c20130109 _lUCH01 _h1340 |
||
| 590 |
_aE11695DGD _b10 _c20190904 _lUCH01 _h1203 |
||
| 650 | 1 | 4 |
_aHongos patógenos. _956136 |
| 650 | 1 | 4 |
_aMicosis. _975488 |
| 650 | 1 | 4 |
_aVeterinaria. _9118987 |
| 700 | 0 |
_aAustwick, P. K. C. _98403 |
|
| 901 | _aBK | ||
| 942 | _cLIBRO | ||
| 942 | _n0 | ||
| 949 |
_a636.089 A5y 1973 _bBC _cLIBRO _d33724000275269 _eLIBRO _h45819 _i83035 _si |
||
| 999 |
_c72506 _d72506 |
||